[Event "XLIV C.to Italiano"]
[Site "Arcidosso ITA"]
[Date "1985.03.??"]
[Round "1"]
[White "Gervasi, Giancarlo"]
[Black "Belotti, Bruno"]
[Result "1/2-1/2"]
[WhiteElo "2245"]
[BlackElo "2270"]
[PlyCount "66"]
[EventDate "1985.03.23"]

1. d4 Nf6 2. Nf3 g6 3. Bf4 Bg7 4. e3 d6 5. h3 O-O 6. Be2 Nbd7 7. O-O Qe8 8. c4
e5 9. Bh2 Ne4 10. Nbd2 Nxd2 11. Qxd2 e4 12. Ne1 f5 13. b4 g5 14. c5 Qg6 15.
cxd6 cxd6 16. Rc1 Bh6 17. Rc7 f4 18. f3 g4 19. fxg4 fxe3 20. Qc2 Rxf1+ 21. Bxf1
Nb6 22. Re7 d5 23. Qc7 Be6 24. Qe5 Re8 25. Rxe8+ Qxe8 26. Nc2 Bf7 27. Bf4 Qxe5
28. Bxe5 Na4 29. h4 Nc3 30. g5 Bxg5 31. hxg5 e2 32. Bxe2 Nxe2+ 33. Kf2 Nc3
1/2-1/2

[Event "XLIV C.to Italiano"]
[Site "Arcidosso ITA"]
[Date "1985.03.??"]
[Round "1"]
[White "Martorelli, Antonio"]
[Black "Bruno, Fabio"]
[Result "1-0"]
[WhiteElo "2305"]
[BlackElo "2310"]
[PlyCount "83"]
[EventDate "1985.03.23"]

1. e4 e5 2. d4 exd4 3. Nf3 Nc6 4. c3 d3 5. c4 d6 6. Bxd3 Ne5 7. Be2 Nf6 8. Nc3
Nxf3+ 9. gxf3 c6 10. Rg1 Qb6 11. f4 d5 12. cxd5 Bc5 13. Be3 Bxe3 14. fxe3 Qxe3
15. Rxg7 Nxe4 16. Nxe4 Qxe4 17. dxc6 Qxf4 18. cxb7 Qb4+ 19. Qd2 Qxd2+ 20. Kxd2
Bxb7 21. Bc4 O-O-O+ 22. Kc3 Rhe8 23. Rxf7 a5 24. Raf1 Re3+ 25. Kc2 Rd4 26. b3
a4 27. Rg7 Bf3 28. Rg3 axb3+ 29. axb3 Be4+ 30. Kc1 Rxg3 31. hxg3 Bg6 32. Rd1
Rxd1+ 33. Kxd1 Kc7 34. Kd2 Kd6 35. b4 Ke5 36. Bd3 Be8 37. Bxh7 Kf6 38. Ke3 Kg5
39. Bd3 Bc6 40. b5 Bb7 41. Be4 Bc8 42. b6 1-0

[Event "XLIV C.to Italiano"]
[Site "Arcidosso ITA"]
[Date "1985.03.??"]
[Round "1"]
[White "Mantovani, Renzo"]
[Black "Lanzani, Mario"]
[Result "1/2-1/2"]
[WhiteElo "2230"]
[BlackElo "2215"]
[PlyCount "20"]
[EventDate "1985.03.23"]

1. d4 d5 2. Nf3 Nf6 3. c4 e6 4. Bg5 Nbd7 5. cxd5 exd5 6. e3 Be7 7. Nc3 c6 8.
Bd3 O-O 9. O-O h6 10. Bh4 Ne4 1/2-1/2

[Event "XLIV C.to Italiano"]
[Site "Arcidosso ITA"]
[Date "1985.03.??"]
[Round "1"]
[White "Messa, Roberto"]
[Black "Gallo, Enrico"]
[Result "1-0"]
[WhiteElo "2285"]
[BlackElo "2030"]
[PlyCount "65"]
[EventDate "1985.03.23"]

1. e4 c5 2. Nf3 Nc6 3. d4 cxd4 4. Nxd4 Nf6 5. Nc3 e5 6. Ndb5 d6 7. Bg5 a6 8.
Na3 b5 9. Bxf6 gxf6 10. Nd5 f5 11. c3 Bg7 12. exf5 Bxf5 13. Nc2 O-O 14. Nce3
Be4 15. Bd3 Bxd5 16. Nxd5 e4 17. Bc2 Qh4 18. O-O Rae8 19. f4 Kh8 20. Nc7 Re7
21. Qxd6 Ne5 22. g3 Nc4 23. Qc5 Rg8 24. Kh1 Qh3 25. Qxe7 Ne3 26. Qxe4 Nxf1 27.
Qxh7+ Qxh7 28. Bxh7 Nxg3+ 29. hxg3 Kxh7 30. Nxa6 Rd8 31. Rg1 f5 32. a3 Bf8 33.
Nc7 1-0

[Event "XLIV C.to Italiano"]
[Site "Arcidosso ITA"]
[Date "1985.03.??"]
[Round "1"]
[White "Sanna, Gianlazzaro"]
[Black "Bellia, Fabrizio"]
[Result "1-0"]
[WhiteElo "2365"]
[BlackElo "2175"]
[PlyCount "61"]
[EventDate "1985.03.23"]

1. d4 Nf6 2. c4 g6 3. Nc3 Bg7 4. e4 d6 5. f3 e5 6. dxe5 dxe5 7. Qxd8+ Kxd8 8.
Bg5 h6 9. Bh4 Nbd7 10. O-O-O c6 11. f4 Ke8 12. fxe5 Nxe5 13. Nf3 Nxf3 14. gxf3
Be6 15. Bf2 Nh5 16. Kc2 Be5 17. b3 Nf4 18. Ne2 Nxe2 19. Bxe2 b6 20. Be3 Ke7 21.
h4 h5 22. f4 Bc7 23. Rdf1 f5 24. e5 Rhc8 25. Bf3 Rab8 26. Rd1 Bd8 27. Rd6 c5
28. Bd5 Bxd5 29. cxd5 Kf7 30. Rg1 c4 31. Rdxg6 1-0

[Event "XLIV C.to Italiano"]
[Site "Arcidosso ITA"]
[Date "1985.03.??"]
[Round "2"]
[White "Bellia, Fabrizio"]
[Black "Mantovani, Renzo"]
[Result "1/2-1/2"]
[WhiteElo "2175"]
[BlackElo "2230"]
[PlyCount "26"]
[EventDate "1985.03.23"]

1. d4 f5 2. Nf3 Nf6 3. g3 e6 4. Bg2 d5 5. O-O Bd6 6. c4 c6 7. b3 O-O 8. Ba3
Bxa3 9. Nxa3 Bd7 10. Nc2 Be8 11. Nce1 Nbd7 12. Nd3 Bh5 13. Nf4 Qe8 1/2-1/2

[Event "XLIV C.to Italiano"]
[Site "Arcidosso ITA"]
[Date "1985.03.??"]
[Round "2"]
[White "Belotti, Bruno"]
[Black "Messa, Roberto"]
[Result "1/2-1/2"]
[WhiteElo "2270"]
[BlackElo "2285"]
[PlyCount "148"]
[EventDate "1985.03.23"]

1. e4 e6 2. d4 d5 3. Nc3 Bb4 4. e5 Ne7 5. Bd2 c5 6. a3 Bxc3 7. Bxc3 Nbc6 8. Nf3
cxd4 9. Bxd4 Nf5 10. c3 Bd7 11. b4 Rc8 12. Be2 Ncxd4 13. cxd4 Qb6 14. O-O Bb5
15. Bxb5+ Qxb5 16. Rc1 O-O 17. Rc5 Qd7 18. Qd3 b6 19. Rxc8 Rxc8 20. g4 Ne7 21.
Ng5 Ng6 22. f4 Qd8 23. Qd2 h6 24. Nf3 Nh4 25. f5 exf5 26. Nxh4 Qxh4 27. gxf5
Qg4+ 28. Kh1 Qe4+ 29. Qg2 Qxd4 30. f6 g5 31. e6 fxe6 32. Qh3 Qe4+ 33. Kg1 Qd4+
34. Kh1 Qe4+ 35. Kg1 Kh7 36. Qg3 Qd4+ 37. Kh1 Qe4+ 38. Kg1 Qd4+ 39. Kh1 e5 40.
Qh3 Qe4+ 41. Kg1 Qd4+ 42. Kh1 Qe4+ 43. Kg1 g4 44. Qh5 Rf8 45. Rf5 Qe3+ 46. Kg2
d4 47. f7 Qh3+ 48. Qxh3 gxh3+ 49. Kxh3 Kg6 50. Rxe5 Rxf7 51. Kg2 Rd7 52. Kf2 d3
53. Ke1 Kf6 54. Rh5 Kg6 55. Re5 d2+ 56. Kd1 Rd3 57. a4 Rd4 58. Re7 Rxb4 59.
Rxa7 Rd4 60. Ra6 Kg5 61. Rxb6 Rxa4 62. Kxd2 Re4 63. Rb1 Kh4 64. Re1 Rg4 65. Ke3
Kh3 66. Kf3 h5 67. Re4 Rg1 68. Kf2 Rg5 69. Ra4 h4 70. Kf1 Rb5 71. Re4 Rb1+ 72.
Re1 Rb4 73. Kg1 Rg4+ 74. Kh1 Rf4 1/2-1/2

[Event "XLIV C.to Italiano"]
[Site "Arcidosso ITA"]
[Date "1985.03.??"]
[Round "2"]
[White "Cocozza, Mario"]
[Black "Sanna, Gianlazzaro"]
[Result "1/2-1/2"]
[WhiteElo "2295"]
[BlackElo "2365"]
[PlyCount "29"]
[EventDate "1985.03.23"]

1. e4 c5 2. Nf3 Nc6 3. d4 cxd4 4. Nxd4 Nf6 5. Nc3 d6 6. Bc4 Qb6 7. Nb3 e6 8.
O-O Be7 9. Bg5 a6 10. Bxf6 gxf6 11. a4 Na5 12. Nxa5 Qxa5 13. Qd4 Bd7 14. Rfe1
Rc8 15. Bf1 1/2-1/2

[Event "XLIV C.to Italiano"]
[Site "Arcidosso ITA"]
[Date "1985.03.??"]
[Round "2"]
[White "Vallifuoco, Giovanni"]
[Black "Gallo, Enrico"]
[Result "1/2-1/2"]
[WhiteElo "2120"]
[BlackElo "2030"]
[PlyCount "80"]
[EventDate "1985.03.23"]

1. d4 Nf6 2. c4 c5 3. d5 e6 4. Nc3 exd5 5. cxd5 d6 6. e4 g6 7. Bd3 Bg7 8. Nge2
O-O 9. O-O a6 10. a4 b6 11. h3 Nbd7 12. Ng3 Qc7 13. f4 c4 14. Bc2 Bb7 15. Be3
Nc5 16. Qf3 b5 17. axb5 axb5 18. Nxb5 Qb6 19. Na3 Ba6 20. Rfb1 Nfd7 21. Ba4 Qc7
22. Bxd7 Qxd7 23. Nc2 Rfb8 24. Nd4 Nb3 25. Nc6 Nxa1 26. Nxb8 Rxb8 27. Rxa1 Qc8
28. e5 Bb7 29. Bd4 dxe5 30. fxe5 Qd8 31. Rd1 Qxd5 32. Qxd5 Bxd5 33. Bc3 Be6 34.
Ne4 Kf8 35. Ng5 h6 36. Nxe6+ fxe6 37. Rd6 Ke7 38. Rc6 Rb5 39. Rc7+ Kf8 40. Rc8+
Ke7 1/2-1/2

[Event "XLIV C.to Italiano"]
[Site "Arcidosso ITA"]
[Date "1985.03.??"]
[Round "3"]
[White "Martorelli, Antonio"]
[Black "Vallifuoco, Giovanni"]
[Result "0-1"]
[WhiteElo "2305"]
[BlackElo "2120"]
[PlyCount "72"]
[EventDate "1985.03.23"]

1. e4 c5 2. Nf3 d6 3. c3 Nf6 4. Bd3 Nc6 5. Bc2 Bg4 6. d3 e5 7. Nbd2 Be7 8. h3
Be6 9. d4 cxd4 10. cxd4 exd4 11. O-O Rc8 12. a3 Nd7 13. b4 Bf6 14. Bb3 O-O 15.
Bb2 b5 16. Bd5 d3 17. Bxf6 Qxf6 18. Qb1 Nce5 19. Ne1 Bxd5 20. exd5 Qf4 21. Qa2
Rc3 22. a4 Nc4 23. Nb1 Rc1 24. Nxd3 Rxf1+ 25. Kxf1 Qh2 26. Nc3 Qh1+ 27. Ke2
Qxg2 28. axb5 Re8+ 29. Kd1 Nde5 30. Nxe5 Nxe5 31. Qe2 Qh1+ 32. Qe1 Qf3+ 33. Kc2
Rc8 34. Rxa7 Qd3+ 35. Kb2 Qc4 36. Ra3 Nd3+ 0-1

[Event "XLIV C.to Italiano"]
[Site "Arcidosso ITA"]
[Date "1985.03.??"]
[Round "3"]
[White "Mantovani, Renzo"]
[Black "Cocozza, Mario"]
[Result "1/2-1/2"]
[WhiteElo "2230"]
[BlackElo "2295"]
[PlyCount "39"]
[EventDate "1985.03.23"]

1. e4 c6 2. Nc3 d5 3. Nf3 Bg4 4. h3 Bxf3 5. Qxf3 e6 6. d3 Nf6 7. g3 Bb4 8. Bd2
d4 9. Nb1 Bxd2+ 10. Nxd2 c5 11. Bg2 Nc6 12. O-O O-O 13. g4 Nd7 14. Qe2 e5 15.
f4 exf4 16. Rxf4 Qc7 17. Rf2 Nde5 18. Nf3 Nxf3+ 19. Qxf3 Ne5 20. Qg3 1/2-1/2

[Event "XLIV C.to Italiano"]
[Site "Arcidosso ITA"]
[Date "1985.03.??"]
[Round "3"]
[White "Messa, Roberto"]
[Black "Lanzani, Mario"]
[Result "1-0"]
[WhiteElo "2285"]
[BlackElo "2215"]
[PlyCount "59"]
[EventDate "1985.03.23"]

1. e4 e5 2. Nf3 Nc6 3. Bc4 Nf6 4. d3 Be7 5. O-O O-O 6. c3 d5 7. exd5 Nxd5 8.
Re1 Bg4 9. h3 Bh5 10. Nbd2 Nb6 11. Bb3 Kh8 12. Ne4 f5 13. Ng3 Bg6 14. Nxe5 Nxe5
15. Rxe5 f4 16. Ne4 Nd7 17. Rd5 c6 18. Rd4 c5 19. Rd5 Qc7 20. Ng5 Qc6 21. Nf3
Rad8 22. Bd2 Qf6 23. Qe2 Bd6 24. Re1 Nb6 25. Rg5 h6 26. Rxg6 Qxg6 27. d4 Rde8
28. Nh4 Qf6 29. Qxe8 Qxh4 30. Bc2 1-0

[Event "XLIV C.to Italiano"]
[Site "Arcidosso ITA"]
[Date "1985.03.??"]
[Round "3"]
[White "Sanna, Gianlazzaro"]
[Black "Bruno, Fabio"]
[Result "1-0"]
[WhiteElo "2365"]
[BlackElo "2310"]
[PlyCount "139"]
[EventDate "1985.03.23"]

1. d4 Nf6 2. c4 e6 3. Nc3 Bb4 4. Qc2 d5 5. cxd5 exd5 6. Bg5 c6 7. a3 Bd6 8. e3
O-O 9. Bd3 h6 10. Bh4 Be6 11. Nf3 Nbd7 12. O-O Rc8 13. b4 a5 14. Rab1 axb4 15.
axb4 Qc7 16. Bg3 b5 17. Ra1 Bxg3 18. hxg3 Qd6 19. Qb3 Ne8 20. Ra6 Nc7 21. Raa1
f5 22. Rfc1 Ra8 23. Be2 Na6 24. Rcb1 g5 25. Ra3 Nc7 26. Rxa8 Rxa8 27. Qb2 Ra6
28. Ne1 Ne8 29. Nd3 Qb8 30. Nc5 Nxc5 31. dxc5 Qe5 32. Bf1 Nf6 33. Ne2 Qxb2 34.
Rxb2 Ne4 35. f3 Nf6 36. Nd4 Bd7 37. Bd3 f4 38. gxf4 gxf4 39. exf4 Ra1+ 40. Kf2
h5 41. Bf5 Bxf5 42. Nxf5 Kf7 43. Nd4 Ra6 44. Kg3 Kg6 45. Re2 Ra1 46. Nxc6 h4+
47. Kxh4 Rh1+ 48. Kg3 Nh5+ 49. Kg4 Nf6+ 50. Kg3 Nh5+ 51. Kf2 Nxf4 52. Rc2 Kf6
53. Kg3 Ne6 54. Rd2 Rh5 55. Kf2 Kf7 56. Ke3 Kf6 57. g4 d4+ 58. Nxd4 Re5+ 59.
Kf2 Nf4 60. Nxb5 Ne6 61. Re2 Rg5 62. Nd6 Rg8 63. Ne4+ Kg6 64. b5 Nd4 65. Rb2
Rf8 66. b6 Rxf3+ 67. Kg2 Rf4 68. b7 Rxg4+ 69. Ng3 Nf5 70. b8=Q 1-0

[Event "XLIV C.to Italiano"]
[Site "Arcidosso ITA"]
[Date "1985.03.??"]
[Round "3"]
[White "Zichichi, Alvise"]
[Black "Ceschia, Ivano"]
[Result "1/2-1/2"]
[WhiteElo "2360"]
[BlackElo "2215"]
[PlyCount "37"]
[EventDate "1985.03.23"]

1. d4 d5 2. Nf3 Nf6 3. e3 e6 4. Bd3 c5 5. O-O Nc6 6. b3 Be7 7. Bb2 O-O 8. Nbd2
b6 9. Ne5 Nxe5 10. dxe5 Ne8 11. e4 f5 12. exf6 Bxf6 13. Bxf6 Qxf6 14. exd5 exd5
15. Qh5 Bf5 16. Rae1 Nc7 17. Bxf5 Qxf5 18. Qxf5 Rxf5 19. Re7 1/2-1/2

[Event "XLIV C.to Italiano"]
[Site "Arcidosso ITA"]
[Date "1985.03.??"]
[Round "4"]
[White "Bellia, Fabrizio"]
[Black "Messa, Roberto"]
[Result "0-1"]
[WhiteElo "2175"]
[BlackElo "2285"]
[PlyCount "78"]
[EventDate "1985.03.23"]

1. e4 e6 2. d4 d5 3. Nd2 Nf6 4. e5 Nfd7 5. Bd3 c5 6. c3 Nc6 7. Ngf3 cxd4 8.
cxd4 f5 9. O-O Be7 10. Nb3 O-O 11. h4 Bxh4 12. Nxh4 Qxh4 13. g3 Qe7 14. Kg2 Re8
15. Qh5 Qf7 16. Qh4 Nf8 17. Rh1 Ne7 18. Bb5 Bd7 19. Bxd7 Neg6 20. Qh5 Qxd7 21.
Bd2 Rac8 22. Qe2 Qa4 23. Bc3 b6 24. Qd2 Re7 25. Qe2 f4 26. g4 Rf7 27. f3 Rfc7
28. Nc1 a5 29. Re1 Nh4+ 30. Kh3 Rxc3 31. bxc3 Rxc3 32. Rf1 Re3 33. Qh2 Nfg6 34.
Ne2 Nxf3 35. Rxf3 Rxf3+ 36. Kg2 Qa3 37. Rc1 Qe3 38. Rc8+ Kf7 39. Kh1 Rh3 0-1

[Event "XLIV C.to Italiano"]
[Site "Arcidosso ITA"]
[Date "1985.03.??"]
[Round "4"]
[White "Bruno, Fabio"]
[Black "Mantovani, Renzo"]
[Result "0-1"]
[WhiteElo "2310"]
[BlackElo "2230"]
[PlyCount "102"]
[EventDate "1985.03.23"]

1. Nf3 c5 2. b3 Nf6 3. Bb2 e6 4. e3 Be7 5. d4 cxd4 6. exd4 O-O 7. Bd3 d5 8.
Nbd2 Nc6 9. a3 b6 10. Ne5 Bb7 11. Qf3 Rc8 12. h4 Qc7 13. Qe2 Nxe5 14. dxe5 Ne4
15. Nf3 f5 16. exf6 Bxf6 17. Bxf6 Rxf6 18. Kf1 Rcf8 19. Kg1 Qf4 20. Rf1 d4 21.
Rh3 e5 22. Re1 Nc3 23. Bc4+ Kh8 24. Qxe5 Bxf3 25. Rxf3 Qxe5 26. Rxe5 Rxf3 27.
gxf3 g6 28. Kg2 a5 29. a4 Rc8 30. Re6 Nxa4 31. Ba6 Ra8 32. Bc4 Nb2 33. Bd5 Rb8
34. Be4 b5 35. Rd6 a4 36. bxa4 bxa4 37. Rxd4 a3 38. Rd7 Rb4 39. Ra7 Ra4 40.
Rxa4 Nxa4 41. Bd5 Nc3 42. Bb3 Kg7 43. Kg3 a2 44. Bxa2 Nxa2 45. c4 h5 46. Kf4
Kf6 47. Ke4 Nb4 48. f4 Nc6 49. f5 gxf5+ 50. Kd5 Ne7+ 51. Kd6 Ng6 0-1

[Event "XLIV C.to Italiano"]
[Site "Arcidosso ITA"]
[Date "1985.03.??"]
[Round "4"]
[White "Cocozza, Mario"]
[Black "Gervasi, Giancarlo"]
[Result "1-0"]
[WhiteElo "2295"]
[BlackElo "2245"]
[PlyCount "55"]
[EventDate "1985.03.23"]

1. c4 b6 2. Nc3 Bb7 3. e3 e6 4. b3 f5 5. Nf3 Nf6 6. Bb2 Bd6 7. Be2 a6 8. Qc2
Nc6 9. a3 Qe7 10. d4 Nd8 11. Bd3 c5 12. dxc5 bxc5 13. e4 Nc6 14. exf5 Nd4 15.
Nxd4 cxd4 16. Ne2 e5 17. f3 O-O 18. Ng3 Rac8 19. Qe2 Bc5 20. b4 Ba7 21. Ne4 d5
22. Nxf6+ gxf6 23. cxd5 Bxd5 24. O-O a5 25. Kh1 Bb6 26. bxa5 Bxa5 27. Bxd4 Qd6
28. Bb2 1-0

[Event "XLIV C.to Italiano"]
[Site "Arcidosso ITA"]
[Date "1985.03.??"]
[Round "4"]
[White "Lanzani, Mario"]
[Black "Gallo, Enrico"]
[Result "1/2-1/2"]
[WhiteElo "2215"]
[BlackElo "2030"]
[PlyCount "31"]
[EventDate "1985.03.23"]

1. e4 c5 2. d4 cxd4 3. c3 dxc3 4. Nxc3 d6 5. Nf3 Nc6 6. Bc4 e6 7. O-O Nf6 8.
Qe2 Be7 9. Rd1 e5 10. b4 Bg4 11. Be3 Bxf3 12. Qxf3 Rc8 13. Nd5 O-O 14. Rab1 Qe8
15. Bb3 b5 16. a4 1/2-1/2

[Event "XLIV C.to Italiano"]
[Site "Arcidosso ITA"]
[Date "1985.03.??"]
[Round "4"]
[White "Vallifuoco, Giovanni"]
[Black "Belotti, Bruno"]
[Result "0-1"]
[WhiteElo "2120"]
[BlackElo "2270"]
[PlyCount "64"]
[EventDate "1985.03.23"]

1. d4 Nf6 2. c4 e6 3. Nc3 Bb4 4. e3 c5 5. a3 Bxc3+ 6. bxc3 d6 7. Bd3 Nc6 8. Ne2
e5 9. O-O e4 10. Bb1 Bg4 11. f3 exf3 12. gxf3 Bh3 13. Rf2 Nh5 14. Kh1 Qe7 15.
Be4 Bd7 16. Rb1 b6 17. Qg1 O-O 18. Rg2 f5 19. Bd5+ Kh8 20. e4 f4 21. Bd2 Rac8
22. Qf2 Bh3 23. Rgg1 Na5 24. e5 dxe5 25. dxe5 Be6 26. Bxe6 Qxe6 27. Qh4 Qxe5
28. Rbe1 Qd6 29. Qxh5 Qxd2 30. Qe5 Rf7 31. Rd1 Qe3 32. Qd5 32... Qxe2 $136 0-1

[Event "XLIV C.to Italiano"]
[Site "Arcidosso ITA"]
[Date "1985.03.??"]
[Round "5"]
[White "Belotti, Bruno"]
[Black "Lanzani, Mario"]
[Result "1/2-1/2"]
[WhiteElo "2270"]
[BlackElo "2215"]
[PlyCount "42"]
[EventDate "1985.03.23"]

1. e4 e5 2. Nf3 Nc6 3. Bb5 a6 4. Ba4 Nf6 5. O-O Be7 6. Re1 b5 7. Bb3 O-O 8. d4
d6 9. c3 Bg4 10. Be3 exd4 11. cxd4 Na5 12. Bc2 Nc4 13. Bc1 c5 14. b3 Na5 15. d5
Nd7 16. Bb2 Bf6 17. Bxf6 Qxf6 18. Nbd2 Ne5 19. Re3 Nb7 20. Qf1 Nxf3+ 21. Nxf3
Qb2 1/2-1/2

[Event "XLIV C.to Italiano"]
[Site "Arcidosso ITA"]
[Date "1985.03.??"]
[Round "5"]
[White "Gallo, Enrico"]
[Black "Bellia, Fabrizio"]
[Result "1/2-1/2"]
[WhiteElo "2030"]
[BlackElo "2175"]
[PlyCount "150"]
[EventDate "1985.03.23"]

1. e4 e5 2. Nf3 Nc6 3. Bb5 a6 4. Ba4 Nf6 5. O-O Be7 6. Re1 b5 7. Bb3 d6 8. c3
O-O 9. h3 Na5 10. Bc2 c5 11. d4 Qc7 12. Nbd2 Bd7 13. Nf1 Nc4 14. b3 Nb6 15. Be3
Rfe8 16. Ng3 a5 17. dxe5 dxe5 18. Nf5 Bf8 19. Bg5 Qc6 20. Qe2 h6 21. Bxf6 Qxf6
22. Rad1 Qg6 23. N3h4 Qe6 24. Ne3 g6 25. Qf3 Rad8 26. Nd5 Nxd5 27. exd5 Qd6 28.
Qg3 Bg7 29. Nf3 f5 30. Re2 Qf6 31. Rde1 e4 32. Nd2 Kh7 33. c4 Bf8 34. f4 Bd6
35. Qf2 Qd4 36. g3 Kg7 37. Kf1 h5 38. Re3 Rf8 39. h4 a4 40. Rd1 Qb2 41. Bb1 Be7
42. Nxe4 Qxf2+ 43. Nxf2 Bf6 44. Rde1 Rfe8 45. Nd3 Rxe3 46. Rxe3 Bd4 47. Re1 a3
48. Ne5 b4 49. Nf3 Bc3 50. Re2 Re8 51. Ne5 Rd8 52. Nxd7 Rxd7 53. Re6 Kf7 54. g4
hxg4 55. h5 gxh5 56. Bxf5 Kf8 57. Bg6 h4 58. f5 Kg7 59. Re4 g3 60. Rxh4 Re7 61.
Rh7+ Kf6 62. Rxe7 Kxe7 63. Kg2 Be5 64. Kf3 Kf6 65. Be8 Bf4 66. Bd7 Ke5 67. f6
Kxf6 68. Bh3 Ke5 69. Bf1 Bg5 70. Kxg3 Kd4 71. Kf3 Kc3 72. Ke2 Kb2 73. Kd1 Kxa2
74. Kc2 Bc1 75. d6 Bg5 1/2-1/2

[Event "XLIV C.to Italiano"]
[Site "Arcidosso ITA"]
[Date "1985.03.??"]
[Round "5"]
[White "Gervasi, Giancarlo"]
[Black "Bruno, Fabio"]
[Result "1-0"]
[WhiteElo "2245"]
[BlackElo "2310"]
[PlyCount "41"]
[EventDate "1985.03.23"]

1. d4 g6 2. e4 Bg7 3. Nf3 d6 4. c3 Nd7 5. Bc4 e6 6. Bb3 Ngf6 7. Nbd2 O-O 8. O-O
e5 9. Re1 Re8 10. Nf1 h6 11. Ng3 c6 12. h3 Qc7 13. dxe5 dxe5 14. Be3 Re7 15.
Qd2 Kh7 16. Rad1 b6 17. Qd6 Qxd6 18. Rxd6 Bb7 19. Red1 Bf8 20. h4 Rd8 21. Rxf6
1-0

[Event "XLIV C.to Italiano"]
[Site "Arcidosso ITA"]
[Date "1985.03.??"]
[Round "5"]
[White "Mantovani, Renzo"]
[Black "Ceschia, Ivano"]
[Result "1-0"]
[WhiteElo "2230"]
[BlackElo "2215"]
[PlyCount "78"]
[EventDate "1985.03.23"]

1. e4 c5 2. Nf3 d6 3. d4 cxd4 4. Nxd4 Nf6 5. Nc3 Nc6 6. g3 Bg4 7. f3 Bd7 8. Be3
g6 9. Qd2 Bg7 10. g4 O-O 11. O-O-O Rc8 12. h4 Ne5 13. h5 Nxf3 14. Nxf3 Bxg4 15.
Be2 Bxh5 16. Nd4 Bxe2 17. Ndxe2 h5 18. Bh6 Bxh6 19. Qxh6 Ng4 20. Qg5 Rc5 21.
Nd5 e6 22. Rxh5 Qxg5+ 23. Rxg5 Nf2 24. Nf6+ Kg7 25. Rxc5 dxc5 26. Rf1 Kxf6 27.
Rxf2+ Ke5 28. Nf4 Rg8 29. Nd3+ Kxe4 30. Rxf7 c4 31. Nf2+ Kd5 32. Kd2 g5 33. Ng4
Rh8 34. Rxb7 Rh4 35. Ne3+ Kc6 36. Rxa7 Rh2+ 37. Ke1 Rh1+ 38. Kf2 Rb1 39. Nxc4
Rc1 1-0

[Event "XLIV C.to Italiano"]
[Site "Arcidosso ITA"]
[Date "1985.03.??"]
[Round "5"]
[White "Messa, Roberto"]
[Black "Cocozza, Mario"]
[Result "1-0"]
[WhiteElo "2285"]
[BlackElo "2295"]
[PlyCount "177"]
[EventDate "1985.03.23"]

1. e4 c5 2. Nf3 e6 3. d4 cxd4 4. Nxd4 Nf6 5. Nc3 d6 6. g3 Nc6 7. Bg2 Bd7 8. O-O
a6 9. Re1 Be7 10. Nce2 O-O 11. c4 Qb8 12. b3 Rc8 13. Ba3 Bf8 14. Qd2 b5 15.
Nxc6 Bxc6 16. Nd4 bxc4 17. bxc4 e5 18. Nf5 Rd8 19. Qg5 Ra7 20. c5 Ne8 21. Rab1
Qa8 22. cxd6 f6 23. Qc1 Bxd6 24. Nxd6 Nxd6 25. Rb6 Nb5 26. Bc5 Be8 27. Qb2 Rc7
28. Be3 Qc8 29. Qb4 Nd4 30. Bxd4 Rxd4 31. Qb3+ Bf7 32. Qb2 Rd8 33. Qa3 Rc2 34.
Qe7 Re8 35. Qb4 Rxa2 36. Bf1 a5 37. Qb5 Qc3 38. Rb8 Kf8 39. Re3 Qc1 40. Rd3 Ra1
41. Rdd8 Qxf1+ 42. Qxf1 Rxf1+ 43. Kxf1 a4 44. Rxe8+ Bxe8 45. Ke2 Ke7 46. Rb7+
Bd7 47. Kd3 h5 48. Kc4 Kd6 49. Kb4 g6 50. Rb6+ Bc6 51. Ra6 g5 52. Kc4 h4 53.
gxh4 gxh4 54. Kb4 Kd7 55. Kc5 Bxe4 56. Rxf6 h3 57. Rh6 Bg2 58. Ra6 a3 59. Rxa3
Ke6 60. Re3 Kf5 61. Kd6 e4 62. Kd5 Kf4 63. Kd4 Bf3 64. Kd5 Bg2 65. Ke6 Bf3 66.
Kf6 Bg2 67. Rg3 Bf1 68. Kg6 Bg2 69. Kh5 Bf3+ 70. Kh4 Bg2 71. Rg8 Kf3 72. Rf8+
Ke2 73. Kg3 Ke1 74. Re8 Ke2 75. Re7 Kd3 76. Ra7 Ke2 77. Ra1 Kd3 78. Ra2 Kd4 79.
Kf4 Kd3 80. Rb2 Kc4 81. Re2 Kd3 82. Ra2 Bf1 83. Ra3+ Ke2 84. Kxe4 Kxf2 85. Ra2+
Kg1 86. Kf3 Bc4 87. Rf2 Bd5+ 88. Kg3 Bg2 89. Rf6 1-0

[Event "XLIV C.to Italiano"]
[Site "Arcidosso ITA"]
[Date "1985.03.??"]
[Round "5"]
[White "Sanna, Gianlazzaro"]
[Black "Martorelli, Antonio"]
[Result "1-0"]
[WhiteElo "2365"]
[BlackElo "2305"]
[PlyCount "81"]
[EventDate "1985.03.23"]

1. d4 Nf6 2. c4 c5 3. d5 b5 4. cxb5 a6 5. e3 g6 6. Nc3 Bg7 7. a4 O-O 8. Bc4 e6
9. Nge2 axb5 10. Bxb5 exd5 11. Nxd5 Bb7 12. Bc4 Na6 13. O-O Re8 14. Nef4 Nc7
15. Nxf6+ Bxf6 16. Bxf7+ Kxf7 17. Qb3+ d5 18. Qxb7 Re7 19. Rd1 Qd7 20. Qb3 c4
21. Qc2 Qc6 22. Bd2 Ra6 23. Bc3 Bg5 24. Ne2 Ne6 25. Nd4 Nxd4 26. Bxd4 Rb7 27.
g3 Rb3 28. Qe2 Qe6 29. Qf3+ Qf5 30. Qxf5+ gxf5 31. Kf1 Ke6 32. Ra2 Rb4 33. a5
Bd8 34. Bc3 Rb5 35. Ke2 Bc7 36. Rda1 Bd6 37. Kd2 Rb3 38. Ra4 Bc5 39. Kc2 Bd6
40. Rd1 Be7 41. f3 1-0

[Event "XLIV C.to Italiano"]
[Site "Arcidosso ITA"]
[Date "1985.03.??"]
[Round "5"]
[White "Zichichi, Alvise"]
[Black "Vallifuoco, Giovanni"]
[Result "1/2-1/2"]
[WhiteElo "2360"]
[BlackElo "2120"]
[PlyCount "85"]
[EventDate "1985.03.23"]

1. Nf3 c5 2. c4 Nf6 3. g3 d5 4. Bg2 g6 5. O-O Bg7 6. cxd5 Nxd5 7. d4 cxd4 8.
Nxd4 O-O 9. Nb5 a6 10. N5c3 Nb6 11. Na3 Nc6 12. Qxd8 Rxd8 13. Be3 Bd4 14. Bxd4
Rxd4 15. Rfd1 Rxd1+ 16. Rxd1 Be6 17. Nc2 Rd8 18. Bxc6 Rxd1+ 19. Nxd1 bxc6 20.
Nb4 Bc4 21. Nxc6 Bxe2 22. Nc3 Bf3 23. Na5 Kf8 24. Kf1 Ke8 25. Ke1 Kd7 26. Kd2
Kd6 27. b4 f6 28. a3 Bg2 29. f4 e5 30. fxe5+ Kxe5 31. Kd3 Bf1+ 32. Ke3 Nd5+ 33.
Nxd5 Kxd5 34. Nb3 Bb5 35. Nd2 h6 36. h4 f5 37. Nf3 Be8 38. Nd4 Kc4 39. h5 g5
40. Nxf5 Bxh5 41. Nxh6 Kb3 42. Kd3 Kxa3 43. Kc3 1/2-1/2

[Event "XLIV C.to Italiano"]
[Site "Arcidosso ITA"]
[Date "1985.03.??"]
[Round "6"]
[White "Bellia, Fabrizio"]
[Black "Belotti, Bruno"]
[Result "1/2-1/2"]
[WhiteElo "2175"]
[BlackElo "2270"]
[PlyCount "43"]
[EventDate "1985.03.23"]

1. e4 c5 2. Nf3 d6 3. d4 cxd4 4. Nxd4 Nf6 5. Nc3 e6 6. Be2 Be7 7. O-O O-O 8.
Kh1 a6 9. f4 Qc7 10. Be3 Nc6 11. Qe1 Bd7 12. Qg3 b5 13. e5 Ne8 14. exd6 Bxd6
15. Ne4 Be7 16. Bf3 Rc8 17. Rad1 Nd6 18. Nxc6 Bxc6 19. Nxd6 Bxd6 20. Bd4 f6 21.
Bxc6 Qxc6 22. c3 1/2-1/2

[Event "XLIV C.to Italiano"]
[Site "Arcidosso ITA"]
[Date "1985.03.??"]
[Round "6"]
[White "Bruno, Fabio"]
[Black "Messa, Roberto"]
[Result "1/2-1/2"]
[WhiteElo "2310"]
[BlackElo "2285"]
[PlyCount "210"]
[EventDate "1985.03.23"]

1. d4 d5 2. Nf3 e6 3. Bg5 Be7 4. Bxe7 Nxe7 5. Nbd2 c5 6. e3 Nbc6 7. c3 Qd6 8.
Be2 O-O 9. O-O e5 10. dxe5 Nxe5 11. Nxe5 Qxe5 12. Nf3 Qf6 13. Rc1 a5 14. Qa4
Rd8 15. Rfd1 Bd7 16. Bb5 Be6 17. Rd2 Nc8 18. Qa3 Nd6 19. Qxc5 Ne4 20. Qd4 Nxd2
21. Qxf6 gxf6 22. Nxd2 Rac8 23. Nf3 Bd7 24. Bxd7 Rxd7 25. Nd4 a4 26. a3 Kf8 27.
Rd1 Rc4 28. Kf1 Ke7 29. Ke2 Kd6 30. g3 Rd8 31. Kd3 Re8 32. Kc2 Kc5 33. Rd3 Kd6
34. Nf3 Kc6 35. Nd2 Rg4 36. Kd1 b5 37. h3 Rg6 38. Rd4 Rh6 39. h4 Rg6 40. Rf4
Re6 41. Ke2 Kc5 42. Kd3 h5 43. Nf3 Re8 44. Rb4 Rb8 45. Nd4 Rg4 46. Ke2 Rb6 47.
Kf3 Rb8 48. Kg2 Re4 49. Kg1 Rb6 50. Kf1 Rb8 51. Ke1 Rb6 52. Kd1 Rb8 53. Kc1 Rb6
54. Kb1 Rb8 55. Kc1 Rb6 56. Kd1 Rb8 57. Kc2 Re7 58. Kd3 Rb6 59. Ne2 Re4 60. Nf4
Re5 61. Kd2 Kd6 62. Kd3 Kc5 63. Ne2 Re4 64. Nd4 Re8 65. f3 Rg8 66. Nf5 Re6 67.
Nd4 Rb6 68. Nf5 Re6 69. Ke2 Re5 70. Rf4 Rg5 71. Nd4 Rxg3 72. Rxf6 Re6 73. Rxf7
Reg6 74. Kd3 Rh3 75. Rb7 Rg2 76. Rxb5+ Kd6 77. c4 dxc4+ 78. Kc3 Rh1 79. Nf5+
Kc6 80. Rb4 Rc1+ 81. Kd4 Rd1+ 82. Ke4 Kc5 83. Nd4 Rdd2 84. Rb5+ Kd6 85. Rd5+
Ke7 86. Rc5 Rh2 87. Nf5+ Kf6 88. Rc6+ Kf7 89. Rxc4 Rxb2 90. Rxa4 Rb3 91. Ra7+
Kg8 92. Rg7+ Kf8 93. Rh7 Rxa3 94. Rxh5 Rb2 95. Kf4 Rbb3 96. Rg5 Kf7 97. Rg3 Kf6
98. e4 Rb5 99. Rg5 Rba5 100. Kg4 Ra1 101. Ng3 Kf7 102. Kf4 R1a3 103. Nf5 Kf6
104. Kg4 Ra1 105. Kf4 R1a3 1/2-1/2